000 00789nam a2200289 a 4500
003 AR-BaBNM
005 20251128210851.0
008 082120s2002 ||||||||||||||000 | spa||
020 _a987-95103-5-6
040 _cAR-BaBNM
100 1 _aNaveiras, Daniel
245 0 0 _aMirando al patio
260 _a[S.l.]
_bD'Vinni
_c[ca. 1997]
300 _a397 p.
_btablas, il.
500 _aContiene referencias bibliográficas
650 4 _aEDUCACION FISICA
650 4 _aACTIVIDADES DE APRENDIZAJE
650 4 _aACTIVIDADES FISICAS
650 4 _aDESARROLLO FISICO
650 4 _aEJERCICIOS FISICOS
650 4 _aJUEGOS EDUCATIVOS
653 _aESTRATEGIAS DIDACTICAS
653 _aEDUCACION GENERAL BASICA
653 _aEDUCACION PARA LA SALUD
942 _cBK
998 _cRAQUEL
999 _c17228
_d17228